Responses for Show #1058 - Wednesday, March 22, 1989

Contestants

[<< previous game]

Alison Whitney, a preschool director and teacher from Orlando, Florida

Russ Nixon, a technical consultant from New Jersey

Emeric Schultz, a chemistry professor from Bloomsburg, Pennsylvania (whose 1-day cash winnings total $10,700)

[next game >>]

Jeopardy! Round responses

U.S. HISTORY
AUTOMOBILE NAMES
QUOTES
MUSIC TRIVIA
HINTS FROM HELOISE
GLORY THAT WAS GREECE
    $100 1
Earl Warren

Alison
    $100 2
Corvair

Emeric
    $100 14
auld lang syne

Alison
    $100 7
(Emeric: What is free?)

brave

EmericAlison
    $100 8
wax

Emeric
    $100 9
The Odyssey

Alison
    $200 3
Fort Sumter

Alison
    $200 20
Volvo

Russ
    $200 15
Sylvia Plath

Emeric
    $200 27
fortissimo

Emeric
    $200 10
rubber ring

Alison
    $200 16
Marseille

Emeric
    $300 4
George Wallace

Emeric
    $300 21
Bonneville

Emeric
    $300 24
Ship of State

Alison
    $300 28
Scott Joplin

Emeric
    $300 11
hula hoop

Russ
    $300 17
tides

Emeric
    $400 5
underground

Russ
    $400 22
Citroen

Emeric
    $400 25
(Alex: Minute to go in the round.)

Oliver Cromwell

Russ
    $400 29
Vienna

Alison
    $400 12
vinegar

Alison
    $800 18
atoms

Emeric
    $500 6
the Philippines

Alison
    $500 23
Gremlin

Russ
    $500 26
(Alison: What is a writer?)

a critic

RussAlison
    $500 30
guitar & castanets

Russ
    $500 13
(Russ: What is aluminum foil?)

freezer wrap

Russ
Triple Stumper
    $500 19
Palestine

Triple Stumper

Scores at the first commercial break (after clue 15):

Emeric Russ Alison
$600 $200 $1,700

Scores at the end of the Jeopardy! Round:

Emeric Russ Alison
$3,100 $2,300 $1,900

Double Jeopardy! Round responses

DOUBLE "W"s
WORLD GEOGRAPHY
WOMEN AUTHORS
THE MOVIES
ROYALTY
GRANDEUR THAT WAS ROME
    $200 1
Wonder Woman

Emeric
    $200 2
Tobago

Emeric
    $200 7
(Alex: She was called "My Little Portuguese.")

Portuguese

Alison
    $200 9
Sunset Boulevard

Alison
    $200 11
Queen Isabella

Emeric
    $200 13
(Alison: What is a sash?)

toga

EmericAlison
    $400 21
Who's Who

Triple Stumper
    $400 3
Diamond Head

Emeric
    $400 8
Colette

Triple Stumper
    $400 10
Raymond Chandler

Triple Stumper
    $400 12
King Edward VIII

Emeric
    $400 14
forum

Russ
    $600 22
Willy Wonka

Russ
    $600 4
Kabul

Emeric
    $1,000 28
[end-of-round signal sounds]

Gypsy Rose Lee

Alison
    $600 25
St. Elmo's Fire

Alison
    $600 18
Napoleon Bonaparte

Triple Stumper
    $600 15
catacombs

Emeric
    $800 23
(Alex: Minute to go.)

Wendell Willkie

Alison
    $3,000 5
(Emeric: What is Kathmandu?)
(Alex: The highest capital is La Paz in Bolivia.)

Lhasa, Tibet

Emeric
    $800 26
the (von) Trapp children

Alison
    $800 19
King Hussein (of Jordan)

Emeric
    $800 16
the task of protecting the emperor

Emeric
    $1000 24
widow's walk

Russ
    $1000 6
(Alex: Nicaragua was the third.)

Guatemala & El Salvador

Alison
    $1000 27
The Big Easy

Triple Stumper
    $1000 20
(Russ: What is Italy?)

Albania

Russ
Triple Stumper
    $1000 17
(Russ: What is the Capitoline?)

Palatine

Russ
Triple Stumper

Scores at the end of the Double Jeopardy! Round:

Emeric Russ Alison
$4,500 $2,300 $6,300

[wagering suggestions for these scores]

Final Jeopardy! Round responses

ANIMALS
(Alex: We love 'em!)
(Alex: I guess muscle weighs more than fat.)
RussWhat is the Buffalo
$2,291
EmericWhat is the hippopotamus?
$4,400
AlisonWhat is the Grizzly Bear?
$2,701
the Rhino

Final scores:

Emeric Russ Alison
$100 $9 $3,599
2nd place: Trip to Roseland Ranch in Stanfordville, New York 3rd place: Krementz 14-carat gold signet rings New champion: $3,599

Game dynamics:

Coryat scores:

Emeric Russ Alison
$7,100 $2,300 $5,900
21 R
(including 1 DD),
2 W
(including 1 DD)
10 R,
3 W
17 R
(including 1 DD),
2 W

Combined Coryat: $15,300

[game clues] [game scores] [suggest correction]

Game tape date: 1988-12-05
The J! Archive is created by fans, for fans. Scraping, republication, monetization, and malicious use prohibited; this site may use cookies and collect identifying information. See terms. The Jeopardy! game show and all elements thereof, including but not limited to copyright and trademark thereto, are the property of Jeopardy Productions, Inc. and are protected under law. This website is not affiliated with, sponsored by, or operated by Jeopardy Productions, Inc. Join the discussion at JBoard.tv.